| 000 | 01174 a2200229 4500 | ||
|---|---|---|---|
| 005 | 20080911101934.0 | ||
| 008 | 080911t xxu||||| |||| 00| 0 hin d | ||
| 010 | _aHIN-79572 | ||
| 020 |
_a8189850547 _c360.00 |
||
| 035 | _aHN-51918 | ||
| 037 | _bD.B.Act / pub | ||
| 082 | _a820.08 | ||
| 245 |
_aबंग महिला रचना-समग्र _cसंपादक भवदेव पाण्डेय |
||
| 246 | _aBang Mahila Rachna Samgra | ||
| 260 |
_aनई दिल्ली _bरेमाधव पब्लिकेशन्स _c2006 |
||
| 270 |
_aपोस्ट बाक्स न.3684,लाजपत नगर-11 _bनई दिल्ली _e110024 |
||
| 300 |
_aबारह,155पृ _c23 सेमी (सजिल्द) |
||
| 490 | _a(भारतीय साहित्य के स्वर्णाक्षऱ) | ||
| 700 | _aपाण्डेय, भवदेव | ||
| 942 |
_adpl _cHN _k820.08 / बंगम _2ddc _h820.08 _mबंगम |
||
| 999 |
_c2997 _d2997 |
||